[Event "HUN-chT2 Breyer 1617"]
[Site "Hungary"]
[Date "2017.03.12"]
[Round "8.6"]
[White "Gombocz, Ferenc"]
[Black "Vancsura, Vince"]
[Result "0-1"]
[WhiteElo "1930"]
[BlackElo "2024"]
[PlyCount "104"]
[EventDate "2016.10.30"]
[EventType "team-tourn"]
[EventRounds "9"]
[EventCountry "HUN"]
[SourceTitle "EXT 2021"]
[Source "ChessBase"]
[SourceDate "2020.10.23"]
[SourceVersion "1"]
[SourceVersionDate "2020.10.23"]
[SourceQuality "1"]
[WhiteTeam "Paty"]
[BlackTeam "Budapest MLTC"]
[WhiteTeamCountry "HUN"]
[BlackTeamCountry "HUN"]

1. d4 c5 2. d5 Nf6 3. Nc3 d6 4. e4 g6 5. Nf3 Bg7 6. Bg5 0-0 7. Qd2 Bd7 8. Bh6 b5 9. Bxg7 Kxg7 10. e5 dxe5 11. Nxe5 b4 12. Ne2 Bb5 13. c4 bxc3 14. Nxc3 Bxf1 15. Rxf1 Nbd7 16. f4 Qc7 17. Nxd7 Qxd7 18. 0-0-0 Qb7 19. f5 Rad8 20. fxg6 hxg6 21. Rf3 Rh8 22. Qf4 Qb4 23. h3 Rh5 24. Qe3 Nxd5 25. Rxd5 Rhxd5 26. Nxd5 Rxd5 27. Qc3+ Qd4 28. Rd3 Qxc3+ 29. Rxc3 e5 30. Ra3 Rd7 31. Rc3 Rd5 32. Ra3 Rd7 33. Rc3 e4 34. Rxc5 f5 35. h4 Kf7 36. h5 Kf6 37. hxg6 Kxg6 38. a4 Kg5 39. a5 e3 40. Rc2 Kf4 41. b4 Rd4 42. Rb2 a6 43. b5 axb5 44. a6 Kg3 45. a7 Ra4 46. Kd1 f4 47. Rxb5 Kxg2 48. Rb4 Ra1+ 49. Ke2 Ra2+ 50. Kd3 Kf3 51. Rb7 e2 52. Re7 Rxa7 0-1

[Event "HUN-chT2 Breyer 1617"]
[Site "Hungary"]
[Date "2017.02.26"]
[Round "7.6"]
[White "Rosta, Sandor"]
[Black "Vancsura, Vince"]
[Result "1/2-1/2"]
[WhiteElo "2037"]
[BlackElo "2024"]
[PlyCount "56"]
[EventDate "2016.10.30"]
[EventType "team-tourn"]
[EventRounds "9"]
[EventCountry "HUN"]
[SourceTitle "EXT 2021"]
[Source "ChessBase"]
[SourceDate "2020.10.23"]
[SourceVersion "1"]
[SourceVersionDate "2020.10.23"]
[SourceQuality "1"]
[WhiteTeam "Torokbalint"]
[BlackTeam "Budapest MLTC"]
[WhiteTeamCountry "HUN"]
[BlackTeamCountry "HUN"]

1. e4 c6 2. d4 d5 3. Nc3 dxe4 4. Nxe4 Nd7 5. Nf3 Ngf6 6. Ng3 Qc7 7. Bc4 e6 8. 0-0 Be7 9. Re1 b5 10. Bb3 Nb6 11. Ne5 0-0 12. Qe2 Nbd5 13. c4 bxc4 14. Bxc4 c5 15. dxc5 Bxc5 16. Rb1 a5 17. Bd2 Bd4 18. Nf3 Bb6 19. Rec1 Qa7 20. h3 Ba6 21. Bxa6 Qxa6 22. Qxa6 Rxa6 23. Rc4 a4 24. Kf1 Rb8 25. Ne2 Kf8 26. Nc3 Rba8 27. Rc1 Nxc3 28. Bxc3 Nd5 1/2-1/2

[Event "HUN-chT2 Maroczy 1516"]
[Site "Hungary"]
[Date "2016.02.14"]
[Round "5.10"]
[White "Vancsura, Vince"]
[Black "Piroska, Istvan"]
[Result "0-1"]
[WhiteElo "2063"]
[BlackElo "2085"]
[PlyCount "68"]
[EventDate "2015.10.18"]
[EventType "team-tourn"]
[EventRounds "9"]
[EventCountry "HUN"]
[SourceTitle "EXT 2017"]
[Source "ChessBase"]
[SourceDate "2016.10.25"]
[SourceVersion "1"]
[SourceVersionDate "2016.10.25"]
[SourceQuality "1"]
[WhiteTeam "MLTC"]
[BlackTeam "Penzugyor"]
[WhiteTeamCountry "HUN"]
[BlackTeamCountry "HUN"]

1. d4 d5 2. c4 dxc4 3. Nc3 Nf6 4. Nf3 a6 5. e3 e6 6. Bxc4 c5 7. a4 Nc6 8. 0-0 Be7 9. dxc5 Qxd1 10. Rxd1 Bxc5 11. h3 0-0 12. e4 Nd7 13. Bf4 e5 14. Bg3 Kh8 15. Nd5 Rb8 16. b4 b5 17. axb5 axb5 18. Bb3 Nxb4 19. Nxb4 Bxb4 20. Ra7 Nc5 21. Nxe5 Be6 22. Nxf7+ Bxf7 23. Bxf7 Rbc8 24. Be5 Ra8 25. Rxa8 Rxa8 26. Bd5 Rd8 27. Rb1 Nd3 28. Bg3 Rc8 29. Rb3 Rc1+ 30. Kh2 Rc3 31. Rb1 h5 32. f4 Rc5 33. Rd1 Nb2 34. e5 Nxd1 0-1

[Event "HUN-chT2 Maroczy 1516"]
[Site "Hungary"]
[Date "2015.11.08"]
[Round "2.9"]
[White "Vancsura, Vince"]
[Black "Brandics, Jozsef"]
[Result "0-1"]
[WhiteElo "2065"]
[BlackElo "2207"]
[PlyCount "82"]
[EventDate "2015.10.18"]
[EventType "team-tourn"]
[EventRounds "9"]
[EventCountry "HUN"]
[SourceTitle "CBM 170 Extra"]
[Source "ChessBase"]
[SourceDate "2016.02.25"]
[SourceVersion "1"]
[SourceVersionDate "2016.02.25"]
[SourceQuality "1"]
[WhiteTeam "MLTC"]
[BlackTeam "Toth Laszlo"]
[WhiteTeamCountry "HUN"]
[BlackTeamCountry "HUN"]

1. d4 c5 2. d5 e5 3. c4 d6 4. Nc3 Be7 5. e4 Bg5 6. g3 Bxc1 7. Rxc1 Ne7 8. Bg2 0-0 9. Nge2 a6 10. 0-0 b5 11. cxb5 axb5 12. Nxb5 Rxa2 13. Qb3 Ra6 14. Ra1 Qb6 15. Nec3 f5 16. Na4 Rxa4 17. Qxa4 Bd7 18. Qa5 Qxb5 19. Qc7 Nc8 20. Ra5 Qb6 21. Qxb6 Nxb6 22. b3 fxe4 23. Bxe4 Bf5 24. f3 N8d7 25. Kg2 Bg6 26. Ra6 Rb8 27. Bxg6 hxg6 28. f4 exf4 29. Re1 Nxd5 30. Rxd6 N7f6 31. Re5 Ne3+ 32. Kf3 Rxb3 33. Rd8+ Kh7 34. Rxc5 Ned5+ 35. Ke2 f3+ 36. Kf1 Rd3 37. Rdc8 Ng4 38. Rc1 Rd2 39. h3 Nde3+ 40. Kg1 Rg2+ 41. Kh1 Nf2# 0-1

[Event "HUN-chT2 Maroczy 1314"]
[Site "Hungary"]
[Date "2013.10.20"]
[Round "3"]
[White "Vancsura, Vince"]
[Black "Kormos, Lajos"]
[Result "1/2-1/2"]
[WhiteElo "2094"]
[BlackElo "2118"]
[PlyCount "34"]
[EventDate "2013.09.08"]
[EventType "team-tourn"]
[EventRounds "11"]
[EventCountry "HUN"]
[SourceTitle "EXT 2016"]
[Source "ChessBase"]
[SourceDate "2015.10.08"]
[SourceVersion "1"]
[SourceVersionDate "2015.10.08"]
[SourceQuality "1"]
[WhiteTeam "Budapest MLTC II"]
[BlackTeam "Kisujszallas"]
[WhiteTeamCountry "HUN"]
[BlackTeamCountry "HUN"]

1. d4 Nf6 2. Bg5 d5 3. Bxf6 exf6 4. g3 Be7 5. Bg2 0-0 6. c4 c6 7. cxd5 cxd5 8. Nc3 Bb4 9. Qb3 Nc6 10. e3 Be6 11. Nge2 Qd6 12. a3 Ba5 13. 0-0 Rfd8 14. Rfd1 f5 15. Rac1 Bxc3 16. Qxc3 Rac8 17. b4 Na5 1/2-1/2

[Event "HUN-chT2 Erkel 0708"]
[Site "Hungary"]
[Date "2007.12.09"]
[Round "4"]
[White "Mizsei, Janos"]
[Black "Vancsura, Vince"]
[Result "1-0"]
[WhiteElo "2118"]
[BlackElo "2121"]
[PlyCount "79"]
[EventDate "2007.10.14"]
[EventType "team"]
[EventRounds "11"]
[EventCountry "HUN"]
[SourceTitle "EXT 2009"]
[Source "ChessBase"]
[SourceDate "2008.11.26"]
[SourceVersion "1"]
[SourceVersionDate "2008.11.26"]
[SourceQuality "1"]
[WhiteTeam "Jaszbereny"]
[BlackTeam "Statisztika II"]
[WhiteTeamCountry "HUN"]
[BlackTeamCountry "HUN"]

1. d4 Nf6 2. c4 c5 3. d5 b5 4. f3 d6 5. e4 g6 6. cxb5 a6 7. Nc3 Bg7 8. a4 0-0 9. Be3 Qa5 10. Ra3 Nbd7 11. Nh3 Ne5 12. Nf2 h5 13. Be2 c4 14. 0-0 Qb4 15. Qc2 Bb7 16. Bb6 Nfd7 17. Na2 Qxa3 18. bxa3 Nxb6 19. a5 Nbd7 20. b6 Rfc8 21. Nb4 Rc5 22. f4 Nd3 23. Bxd3 cxd3 24. Qa4 Nf6 25. Nc6 d2 26. Qb4 e6 27. Qxd2 exd5 28. Ne7+ Kf8 29. Nxd5 Nxd5 30. exd5 Rxd5 31. Nd3 Bd4+ 32. Kh1 Rc8 33. Rc1 Bc5 34. Qc3 Bxb6 35. Qh8+ Ke7 36. Rxc8 Rxd3 37. Re8+ Kd7 38. Re1 Bxa5 39. Qe8+ Kc7 40. Rc1+ 1-0

[Event "HUN-chT 0203"]
[Site "Hungary"]
[Date "2003.02.02"]
[Round "6.10"]
[White "Vancsura, Vince"]
[Black "Lorincz, Istvan"]
[Result "0-1"]
[WhiteElo "2185"]
[BlackElo "2314"]
[PlyCount "70"]
[EventDate "2002.09.22"]
[EventType "team"]
[EventRounds "11"]
[EventCountry "HUN"]
[SourceTitle "EXT 2004"]
[Source "ChessBase"]
[SourceDate "2003.11.25"]
[SourceVersion "1"]
[SourceVersionDate "2003.11.25"]
[SourceQuality "1"]
[WhiteTeam "PMSE"]
[BlackTeam "Statisztika"]
[WhiteTeamCountry "HUN"]
[BlackTeamCountry "HUN"]

1. d4 Nf6 2. Bg5 Ne4 3. Bf4 d5 4. f3 Nf6 5. Nc3 Bf5 6. g4 Bg6 7. e3 e6 8. Qd2 Bb4 9. Nge2 c5 10. a3 Qa5 11. Bd6 Nc6 12. 0-0-0 0-0-0 13. Bxc5 Bxc5 14. dxc5 Qxc5 15. h4 h5 16. g5 Ne8 17. Nd4 Nxd4 18. Qxd4 Qxd4 19. Rxd4 Nd6 20. e4 dxe4 21. fxe4 e5 22. Rd5 Bxe4 23. Bh3+ Kb8 24. Nxe4 Nxe4 25. Rxd8+ Rxd8 26. Rf1 f6 27. Bg2 Ng3 28. Rf3 Ne2+ 29. Kb1 Nf4 30. Bf1 Rd1+ 31. Ka2 Rd2 32. c3 Rh2 33. gxf6 gxf6 34. Rg3 Rf2 35. Bc4 Rg2 0-1

[Event "HUN-chT"]
[Site "Hungary"]
[Date "1995.??.??"]
[Round "?"]
[White "Kende, Gyorgy"]
[Black "Vancsura, Vince"]
[Result "1-0"]
[WhiteElo "2255"]
[BlackElo "2195"]
[PlyCount "53"]
[EventDate "1995.??.??"]
[EventType "team"]
[EventRounds "13"]
[EventCountry "HUN"]
[SourceTitle "EXT 1997"]
[Source "ChessBase"]
[SourceDate "1996.11.15"]
[SourceVersion "1"]
[SourceVersionDate "1996.11.15"]
[SourceQuality "1"]

1. Nf3 d5 2. g3 c6 3. Bg2 e6 4. 0-0 Nd7 5. d3 Ngf6 6. Nbd2 Be7 7. e4 0-0 8. Qe2 dxe4 9. dxe4 e5 10. Nc4 Qc7 11. a4 a5 12. b3 Re8 13. Bb2 Bc5 14. h3 b5 15. axb5 cxb5 16. Ne3 a4 17. Nd5 Nxd5 18. exd5 a3 19. Ng5 Bb7 20. Bc1 Bd4 21. Rxa3 b4 22. Rxa8 Rxa8 23. d6 Qc8 24. Qh5 h6 25. Qxf7+ Kh8 26. Ne6 e4 27. Nxd4 1-0

[Event "HUN-chT2 9293"]
[Site "Hungary"]
[Date "1993.??.??"]
[Round "?"]
[White "Vancsura, Vince"]
[Black "Misetane Burjan, Anita"]
[Result "0-1"]
[WhiteElo "2215"]
[BlackElo "2045"]
[PlyCount "75"]
[EventDate "1992.??.??"]
[EventType "team"]
[EventRounds "12"]
[EventCountry "HUN"]
[SourceTitle "TD"]
[Source "ChessBase"]
[SourceDate "1994.03.01"]
[SourceVersion "1"]
[SourceVersionDate "1994.03.01"]
[SourceQuality "1"]

1. d4 d5 2. Nf3 Nf6 3. Bg5 e6 4. e3 Be7 5. Nbd2 Nbd7 6. Bd3 c5 7. c3 b6 8. Ne5 Nxe5 9. dxe5 Nd7 10. Bf4 Bb7 11. h4 Bxh4 12. Qg4 g5 13. Rxh4 gxh4 14. Qg7 Rf8 15. Bg5 Qc7 16. f4 h6 17. Bxh4 c4 18. Bc2 Nc5 19. Nf3 Kd7 20. Nd4 Rae8 21. 0-0-0 Kc8 22. Nb5 Qd7 23. Nd6+ Kb8 24. g3 Rg8 25. Qxh6 Ref8 26. Nxc4 Rh8 27. Qf6 Qc7 28. Nd6 Nd7 29. Qe7 Nc5 30. Qf6 Nd7 31. Qg5 Rfg8 32. Qe7 Nc5 33. Qxc7+ Kxc7 34. Nxf7 Rh5 35. Nd6 Ne4 36. Nxe4 dxe4 37. Bb3 Rg6 38. Rd6 0-1

[Event "HUN-chT"]
[Site "Hungary"]
[Date "1992.??.??"]
[Round "11"]
[White "Vancsura, Vince"]
[Black "Bacso, Gabor"]
[Result "1/2-1/2"]
[WhiteElo "2215"]
[BlackElo "2245"]
[PlyCount "34"]
[EventDate "1992.??.??"]
[EventType "team"]
[EventRounds "14"]
[EventCountry "HUN"]
[SourceTitle "EXT 2000"]
[Source "ChessBase"]
[SourceDate "1999.11.16"]
[SourceVersion "1"]
[SourceVersionDate "1999.11.16"]
[SourceQuality "1"]

1. d4 c5 2. d5 g6 3. e4 Bg7 4. Nf3 d6 5. h3 Nf6 6. Nc3 0-0 7. Bf4 Na6 8. Bc4 Nc7 9. a4 b6 10. 0-0 a6 11. Re1 Nd7 12. e5 dxe5 13. Nxe5 Nxe5 14. Bxe5 Ne8 15. Bxg7 Kxg7 16. Qe2 Ra7 17. Ne4 Nd6 1/2-1/2